000 00929cam a2200301 4500
001 M1798
008 090401t1995 xxu||||| |||| 00| 0 eng d
035 _a(Sirsi) u34581
041 _aeng
050 _a306.1
090 _aRICS 1995/38ABCD
110 _aRoyal Institution of Chartered Surveyors
_94900
245 3 _aAn investor`s guide to flats over shops: the Spare Space? Project.
260 _aLondon
_bRICS
_c1995
300 _a29p. : ill. ; 30cm.
350 _a0
520 _aProduced by RICS Junior Organisation in conjunction with South Bank University. Publication funded by The Housing Corporation.
650 _aEMPTY SPACE
650 _aFLATS OVER SHOPS
650 _aHOUSING ASSOCIATIONS
650 _aJUNIOR ORGANISATION
650 _aRESIDENTIAL ACCOMMODATION
650 _aSOUTH BANK UNIVERSITY
650 _aSPARE SPACE PROJECT
690 _aHOUSING
942 _n0
948 _c04/03/1997
999 _c89968
_d89968